[Event "MCRE_KT14"]
[Site "?"]
[Date "2005.??.??"]
[Round "2"]
[White "Tunega, Frantisek"]
[Black "Martinec, Jan"]
[Result "1/2-1/2"]
[WhiteElo "1600"]
[BlackElo "1738"]
[PlyCount "93"]
[EventDate "2005.??.??"]
[EventType "corr"]
[EventRounds "2"]
[SourceDate "2006.01.09"]

1. e4 c5 2. c3 Nf6 3. e5 Nd5 4. d4 cxd4 5. cxd4 d6 6. Nf3 Nc6 7. Bc4 e6 8. O-O
Be7 9. Nc3 Nxc3 10. bxc3 dxe5 11. dxe5 O-O 12. Qe2 Qc7 13. Bf4 b6 14. Bd3 Bb7
15. Rfd1 Rfd8 16. Qe4 g6 17. Qe3 Bc5 18. Qe2 Rd7 19. Be4 Rad8 20. Rxd7 Rxd7 21.
Bg5 Be7 22. Bxe7 Nxe7 23. c4 Ba6 24. Rc1 Qc8 25. h4 Qc5 26. h5 gxh5 27. Qc2
Bxc4 28. Bxh7+ Kg7 29. Qe4 b5 30. a4 Qa3 31. Qf4 Nd5 32. Qg3+ Kh6 33. Re1 Qe7
34. Bc2 Rd8 35. axb5 Bxb5 36. Be4 Nc3 37. Bc2 Nd5 38. Nd4 Bd7 39. Qd3 Rh8 40.
Rb1 Nb6 41. Ra1 Be8 42. Qe4 Qd7 43. Qf4+ Kg7 44. Qf6+ Kg8 45. Ra3 h4 46. Qf4
Nd5 47. Qg5+ 1/2-1/2

[Event "MCRE_KT14"]
[Site "?"]
[Date "2005.??.??"]
[Round "1"]
[White "Chlubna, Josef"]
[Black "Tunega, Frantisek"]
[Result "0-1"]
[WhiteElo "1668"]
[BlackElo "1600"]
[PlyCount "54"]
[EventDate "2005.??.??"]
[EventType "corr"]
[EventRounds "2"]
[SourceDate "2006.01.09"]

1. e4 c5 2. Nf3 Nc6 3. d4 cxd4 4. Nxd4 Nf6 5. Nc3 e5 6. Nxc6 bxc6 7. Bg5 h6 8.
Bxf6 Qxf6 9. a3 Bc5 10. Qd2 Bd4 11. f3 O-O 12. Ne2 Bxb2 13. Ra2 Bd4 14. c3 Bc5
15. Ng3 Rb8 16. Bc4 Rb1+ 17. Ke2 Rxh1 18. Nxh1 d5 19. Ng3 dxc4 20. a4 Rd8 21.
Qc1 Rd3 22. Rd2 Be3 23. Nf1 Qg5 24. Nxe3 Qxe3+ 25. Kd1 Qg1+ 26. Kc2 Rxc3+ 27.
Kxc3 Qxc1+ 0-1

[Event "MCRE_KT14"]
[Site "?"]
[Date "2005.??.??"]
[Round "2"]
[White "Tunega, Frantisek"]
[Black "Chlubna, Josef"]
[Result "1-0"]
[WhiteElo "1600"]
[BlackElo "1668"]
[PlyCount "31"]
[EventDate "2005.??.??"]
[EventType "corr"]
[EventRounds "2"]
[SourceDate "2006.01.09"]

1. e4 e5 2. Nf3 Nc6 3. c3 d6 4. d4 exd4 5. cxd4 Bg4 6. Bb5 Bxf3 7. Qxf3 Qf6 8.
Qc3 Kd8 9. Bxc6 bxc6 10. Qxc6 Rb8 11. Qc4 Qg6 12. O-O Qxe4 13. Nc3 Qg6 14. Nb5
Rb7 15. Qc6 Kc8 16. Qe8# 1-0